LEADER 01635cam--2200433---450- 001 990005873090203316 005 20130719085352.0 035 $a000587309 035 $aUSA01000587309 035 $a(ALEPH)000587309USA01 035 $a000587309 100 $a20130717d1913----km-y0itay50------ba 101 0 $aita 102 $aIT 105 $aa|||||||001yy 200 1 $a<> Libia$fGiuseppe Ricchieri 210 $aMilano$cFederazione italiana delle biblioteche popolari$d1913 215 $a144 p., [2] carte geografiche$cill.$d17 cm 225 2 $aBiblioteca della Università popolare milanese e della Federazione italiana delle biblioteche popolari$iSerie A, Corsi organici d'insegnamento 300 $aIn copertina: Nozioni di geografia 410 0$12001$aBiblioteca della Università popolare milanese e della Federazione italiana delle biblioteche popolari$iSerie A, Corsi organici d'insegnamento 607 $aLibia$2BNCF 676 $a916.12 700 1$aRICCHIERI,$bGiuseppe$f<1861-1926>$075697 801 0$aIT$bsalbc$gISBD 912 $a990005873090203316 951 $aXV.2.A. 1704$b3512 F.C.$cXV.2.A.$d00342267 959 $aBK 969 $aCUOMO 979 $aAMENDOLA$b90$c20130717$lUSA01$h1452 979 $aAMENDOLA$b90$c20130717$lUSA01$h1454 979 $aAMENDOLA$b90$c20130717$lUSA01$h1459 979 $aAMENDOLA$b90$c20130717$lUSA01$h1503 979 $aAMENDOLA$b90$c20130717$lUSA01$h1507 979 $aAMENDOLA$b90$c20130717$lUSA01$h1605 979 $aANNAMARIA$b90$c20130719$lUSA01$h0853 979 $aANNAMARIA$b90$c20130719$lUSA01$h0853 996 $aLibia$9683572 997 $aUNISA LEADER 02060oam 2200505M 450 001 9910716329303321 005 20200213070621.8 035 $a(CKB)5470000002520845 035 $a(OCoLC)1065990016 035 $a(OCoLC)995470000002520845 035 $a(EXLCZ)995470000002520845 100 $a20071213d1926 ua 0 101 0 $aeng 135 $aurcn||||||||| 181 $ctxt$2rdacontent 182 $cc$2rdamedia 183 $acr$2rdacarrier 200 10$aPermitting Leo Sheep Co., of Rawlins, Wyo., to convey certain lands to the United States and to select other lands in lieu thereof. March 3, 1926. -- Committed to the Committee of the Whole House on the State of the Union and ordered to be printed 210 1$a[Washington, D.C.] :$c[U.S. Government Printing Office],$d1926. 215 $a1 online resource (3 pages) 225 1 $aHouse report / 69th Congress, 1st session. House ;$vno. 437 225 1 $a[United States congressional serial set ] ;$v[serial no. 8532] 300 $aBatch processed record: Metadata reviewed, not verified. Some fields updated by batch processes. 300 $aFDLP item number not assigned. 606 $aForest reserves 606 $aLand titles 606 $aLand titles$xRegistration and transfer 606 $aRanches 606 $aRanching 608 $aLegislative materials.$2lcgft 615 0$aForest reserves. 615 0$aLand titles. 615 0$aLand titles$xRegistration and transfer. 615 0$aRanches. 615 0$aRanching. 701 $aWinter$b Charles E$g(Charles Edwin),$f1870-1948$pRepublican (WY)$01387987 801 0$bWYU 801 1$bWYU 801 2$bOCLCO 801 2$bOCLCQ 801 2$bOCLCO 906 $aBOOK 912 $a9910716329303321 996 $aPermitting Leo Sheep Co., of Rawlins, Wyo., to convey certain lands to the United States and to select other lands in lieu thereof. March 3, 1926. -- Committed to the Committee of the Whole House on the State of the Union and ordered to be printed$93549804 997 $aUNINA LEADER 02631nam0 2200541 i 450 001 CFI0141380 005 20251003044125.0 010 $a8820422735 020 $aIT$b90-12276 100 $a19951215d1987 ||||0itac50 ba 101 | $aita 102 $ait 181 1$6z01$ai $bxxxe 182 1$6z01$an 183 1$6z01$anc$2RDAcarrier 200 1 $aDalle occupazioni industriali alle nuove professioni$etendenze, paradigmi e metodi per l'analisi e la progettazione di aree professionali emergenti$fFederico Butera$gcon studi di R. Bellini ... \et al.! 210 $aMilano$cF. Angeli$d\1987! 215 $a426 p.$d22 cm. 225 | $aOrganizzazione, tecnologia e società$i. Sez. 1, Ricerche$v6 410 0$1001CFI0091814$12001 $aOrganizzazione, tecnologia e società$i. Sez. 1, Ricerche$v6 606 $aLavoro$xDomanda e offerta$xPrevisioni$2FIR$3CFIC003691$9I 606 $aProfessioni$xItalia$2FIR$3CFIC027690$9I 606 $aLavoro$xDomanda e offerta$xPrevisioni$2FIR$3CFIC003691$9I 606 $aProfessioni$xItalia$2FIR$3CFIC027690$9I 676 $a331.12$9MERCATO DEL LAVORO$v12 676 $a331.120945$9MERCATO DEL LAVORO. ITALIA$v19 676 $a331.120945$9MERCATO DEL LAVORO. ITALIA$v20 676 $a331.120945$9MERCATO DEL LAVORO. Italia$v21 676 $a331.124$9$v19 676 $a331.1250945$9MERCATO DEL LAVORO. MANODOPERA OCCUPATA. Italia$v23 696 $aPrevisione$aDomanda$aOfferta 696 $aPrevisione$aDomanda$aOfferta 699 $aPrevisioni$zPrevisione 699 $aDomanda e offerta$xDomanda$xOfferta 699 $aPrevisioni$zPrevisione 699 $aDomanda e offerta$xDomanda$xOfferta 700 1$aButera$b, Federico$f <1940-2025>$3CFIV078200$4070 702 1$aBellini$b, Roberto$c $3SBNV099430 801 3$aIT$bIT-000000$c19951215 850 $aIT-BN0095 $aIT-NA0457 $aIT-NA0070 901 $bNAP BU$c4 B $nPropedeutica. Formato cm. 20,1-28. 901 $bNAP BI$cSALA 1 $nLibri da 1 a 960 901 $bNAP 01$cPOZZO LIB.$nVi sono collocati fondi di economia, periodici di ingegneria e scienze, periodici di economia e statistica e altri fondi comprendenti documenti di economia pervenuti in dono. 912 $aCFI0141380 950 0$aBiblioteca Centralizzata di Ateneo$c1 v.$d 01POZZO LIB.F. SANTI 285$e 0101 0060030805E VMA 1 v. (Precedente collocazione S 465)$fB $h20221110$i20221110 977 $a 01$a BI$a BU 996 $aDalle occupazioni industriali alle nuove professioni$9431091 997 $aUNISANNIO